000 00734nam a2200253Ia 4500
003 OSt
005 20220925230639.0
006 a|||||r|||| 00| 0
007 ta
008 220923b |||||||| |||| 00| 0 eng d
020 _a0862323894
037 _cGeneral Book
040 _aRTL
_cRTL
_beng
041 _2eng
_aeng
082 _aY49:47.45.N8, M7
100 _aBayat Assef
_9294046
245 0 _aWorkers and revolution in Iran
_b A third world experience of worker's control
260 _aLondon
_bZed Books
_c1987
300 _aix, 227p
_ccm.
500 _aBibliography: p 208-222
650 _aWorking Class
942 _hY49:47.45.N8, M7
_cGB
_2CC
999 _c586244
_d586244